Learning legal rules: a students' guide to legal method and reasoning (Record no. 80459)

MARC details
000 -LEADER
fixed length control field 01506nam a2200241 a 4500
008 - FIXED-LENGTH DATA ELEMENTS--GENERAL INFORMATION
fixed length control field 160426s2006 ||||||||||||||||| || u
020 ## - INTERNATIONAL STANDARD BOOK NUMBER
International Standard Book Number 9780199282500
050 ## - LIBRARY OF CONGRESS CALL NUMBER
Classification number K 212 Hol
100 ## - MAIN ENTRY--PERSONAL NAME
Personal name Holland, James A
245 10 - TITLE STATEMENT
Title Learning legal rules: a students' guide to legal method and reasoning
Statement of responsibility, etc. By James A Holland [and] Julian S Webb
250 ## - EDITION STATEMENT
Edition statement 6th ed.
260 ## - PUBLICATION, DISTRIBUTION, ETC.
Place of publication, distribution, etc. Oxford:
Name of publisher, distributor, etc. Oxford University Press
Date of publication, distribution, etc. 2006
300 ## - PHYSICAL DESCRIPTION
Extent xxvi, 376p.
350 ## -
-- 45.00
650 ## - SUBJECT ADDED ENTRY--TOPICAL TERM
Topical term or geographic name entry element LAW--GREAT BRITAIN
650 #0 - SUBJECT ADDED ENTRY--TOPICAL TERM
Topical term or geographic name entry element LAW--METHODOLOGY
995 ## -
-- ANNEX COLLECTION (Main Library)
-- 746486
-- CBU-MAIN LIBRARY (Kitwe)
-- 45.00
-- K 212 Hol
-- 4
-- AVAILABLE
-- May 13, 2016
-- 746486
-- Annex Low-Usage Collection
995 ## -
-- ANNEX COLLECTION (Main Library)
-- 746484
-- CBU-MAIN LIBRARY (Kitwe)
-- 45.00
-- K 212 Hol
-- 6
-- AVAILABLE
-- May 13, 2016
-- 746484
-- Annex Low-Usage Collection
995 ## -
-- ANNEX COLLECTION (Main Library)
-- 746485
-- CBU-MAIN LIBRARY (Kitwe)
-- 45.00
-- K 212 Hol
-- 5
-- AVAILABLE
-- May 13, 2016
-- 746485
-- Annex Low-Usage Collection
995 ## -
-- MAIN LIBRARY OPEN ACCESS
-- 746487
-- CBU-MAIN LIBRARY (Kitwe)
-- 45.00
-- K 212 Hol
-- 1
-- OUT
-- May 13, 2016
-- 746487
-- Main Library Open Access Collection
995 ## -
-- ANNEX COLLECTION (Main Library)
-- 746482
-- CBU-MAIN LIBRARY (Kitwe)
-- 45.00
-- K 212 Hol
-- 3
-- AVAILABLE
-- May 13, 2016
-- 746482
-- Annex Low-Usage Collection
995 ## -
-- MAIN LIBRARY OPEN ACCESS
-- 746483
-- CBU-MAIN LIBRARY (Kitwe)
-- 45.00
-- K 212 Hol
-- 2
-- AVAILABLE
-- May 13, 2016
-- 746483
-- Main Library Open Access Collection
999 ## -
-- 80459
-- 80459
Holdings
Withdrawn status Lost status Source of classification or shelving scheme Damaged status Not for loan Permanent Location Current Location Shelving location Date acquired Total Checkouts Full call number Barcode Date last seen Copy number Price effective from Koha item type Date last checked out
          CBU-MAIN LIBRARY, KITWE. CBU-MAIN LIBRARY, KITWE.   06/30/2023   K 212 Hol 746486 06/30/2023 1 06/30/2023 MONOGRAPH  
          CBU-MAIN LIBRARY, KITWE. CBU-MAIN LIBRARY, KITWE.   06/30/2023   K 212 Hol 746484 06/30/2023 2 06/30/2023 MONOGRAPH  
          CBU-MAIN LIBRARY, KITWE. CBU-MAIN LIBRARY, KITWE.   06/30/2023   K 212 Hol 746485 06/30/2023 3 06/30/2023 MONOGRAPH  
          CBU-MAIN LIBRARY, KITWE. CBU-MAIN LIBRARY, KITWE.   06/30/2023 1 K 212 Hol 746487 05/16/2025 4 06/30/2023 MONOGRAPH 08/02/2024
          CBU-MAIN LIBRARY, KITWE. CBU-MAIN LIBRARY, KITWE.   06/30/2023   K 212 Hol 746482 06/30/2023 5 06/30/2023 MONOGRAPH  
          CBU-MAIN LIBRARY, KITWE. CBU-MAIN LIBRARY, KITWE.   06/30/2023   K 212 Hol 746483 06/30/2023 6 06/30/2023 MONOGRAPH